Cryptanalysis/The Appliance of Statistical Analysis in Generating Dictionaries Based in English Song Lyrics (Record no. 8427)
[ view plain ]
| 000 -LEADER | |
|---|---|
| fixed length control field | 01134cam a22001934a 4500 |
| 005 - ΗΜΕΡΟΜΗΝΙΑ ΚΑΙ ΩΡΑ ΤΕΛΕΥΤΑΙΑΣ ΕΝΗΜΕΡΩΣΗΣ | |
| Πεδίο ελέγχου | 20250605164335.0 |
| 008 - FIXED-LENGTH DATA ELEMENTS--GENERAL INFORMATION | |
| Πεδίο ελέγχου σταθερού μήκους | 250528s ||||||||||||||||||||||||d |
| 035 ## - SYSTEM CONTROL NUMBER | |
| System control number | 23407 |
| 040 ## - ΠΗΓΗ ΚΑΤΑΛΟΓΟΓΡΑΦΗΣΗΣ | |
| Φορέας πρωτότυπης καταλογογράφησης | MC Athens Campus Library |
| Γλώσσα καταλογογράφησης | Ελληνικά, Μοντέρνα (1453-) |
| Modifying agency | MC Athens Campus Library |
| Κανόνες περιγραφικής καταλογογράφησης | AACR2 |
| 245 1# - ΤΙΤΛΟΣ ΚΑΙ ΔΗΛΩΣΗ ΥΠΕΥΘΥΝΟΤΗΤΑΣ | |
| Τίτλος | Cryptanalysis/The Appliance of Statistical Analysis in Generating Dictionaries Based in English Song Lyrics |
| 260 ## - PUBLICATION, DISTRIBUTION, ETC. | |
| Date of publication, distribution, etc. | 2019 |
| 300 ## - PHYSICAL DESCRIPTION | |
| Extent | 39 |
| 520 ## - SUMMARY, ETC. | |
| Summary, etc. | Acknowledgements, Abstract, Table of Contents and Figures, Introduction, Project Rationale, Project Aim and Objectives, Literature Review, Introduction, Password, Ciphers, Hash Tables, Frequency Analysis in Cryptanalysis, Historical Background, Password Cracking, Conclusions, The Software, Introduction, Innovation, Dictionaries, Data Generation Methods, Data Analysis, Technical Limitations, Further Work, Techical Impovements, Compatibility with Othe Dictionary Sources, Rainbow Tables, Conclusions, Bibliography, Appendices, LyricFA, Installation Guide for the Application and Its Components. |
| 700 1# - ΠΡΟΣΘΕΤΗ ΑΝΑΓΡΑΦΗ--ΦΥΣΙΚΟ ΠΡΟΣΩΠΟ | |
| Personal name | Goudosis Athanasios |
| 9 (RLIN) | 8973 |
| 700 1# - ΠΡΟΣΘΕΤΗ ΑΝΑΓΡΑΦΗ--ΦΥΣΙΚΟ ΠΡΟΣΩΠΟ | |
| Personal name | Koukoulas Leonidas |
| 9 (RLIN) | 8974 |
| 942 ## - ADDED ENTRY ELEMENTS (KOHA) | |
| Koha item type | Διπλωματική εργασία |
| Τύπος τεκμηρίου | Βιβλιοθήκη | Τρέχουσα τοποθεσία | Barcode | Ημερομηνία απόκτησης | Ταξιθετικό σύμβολο | Αριθμός αντιτύπου | Κατάσταση απόσυρσης | Κατάσταση χαμένου | Κατάσταση κατεστραμμένου | Μη δανεισμός | Σύνολο δανεισμών | Ημερομηνία τελευταίας εμφάνισης | Η τιμή ισχύει από |
|---|---|---|---|---|---|---|---|---|---|---|---|---|---|
| Διπλωματική εργασία | MC Athens Campus Library | MC Athens Campus Library | 9780000084262 | 05/06/2025 | COMP 2019 (26) | 1 | 05/06/2025 | 05/06/2025 |